[Event "47th Rilton Cup 2017"]
[Site "?"]
[Date "2018.01.02"]
[Round "6"]
[White "Nihal, Sarin"]
[Black "Krasenkow, Michal"]
[Result "0-1"]
[WhiteElo "2507"]
[BlackElo "2671"]
[PlyCount "100"]
[EventDate "2018.??.??"]
[EventType "swiss"]
[EventCountry "SWE"]
[SourceTitle "Stockholm"]
[TimeControl "40/5400+30:1800+30"]
[WhiteClock "0:25:44"]
[BlackClock "0:00:51"]

1. d4 {[%emt 0:00:35]} d5 {[%emt 0:00:00]} 2. c4 {[%emt 0:00:34]} e6 {[%emt 0:00:00]} 3. Nf3 {[%emt 0:00:06]} Nf6 {[%emt 0:00:42]} 4. Nc3 {[%emt 0:00:18]} c6 {[%emt 0:00:18]} 5. e3 {[%emt 0:01:17]} Nbd7 {[%emt 0:00:12]} 6. Qc2 {[%emt 0:00:16]} Bd6 {[%emt 0:00:08]} 7. b3 {[%emt 0:01:38]} O-O {[%emt 0:00:20]} 8. Bb2 {[%emt 0:00:11]} e5 {[%emt 0:00:40]} 9. Be2 {[%emt 0:03:09]} e4 {[%emt 0:00:23]} 10. Nd2 {[%emt 0:00:02]} a6 {[%emt 0:02:27]} 11. O-O-O {[%emt 0:11:07]} b5 {[%emt 0:00:54]} 12. c5 {[%emt 0:00:11]} Bc7 {[%emt 0:00:30]} 13. g4 {[%emt 0:20:29]} b4 {[%emt 0:03:07]} 14. Na4 {[%emt 0:00:40]} a5 {[%emt 0:00:09]} 15. Rdg1 {[%emt 0:14:15]} Ba6 {[%emt 0:03:31]} 16. Bxa6 {[%emt 0:00:15]} Rxa6 {[%emt 0:00:05]} 17. Nf1 {[%emt 0:09:49]} Ra7 {[%emt 0:02:28]} 18. h4 {[%emt 0:01:31]} Bb8 19. Qe2 {[%emt 0:01:08]} Qe7 {[%emt 0:04:48]} 20. Kb1 {[%emt 0:13:31]} Qe6 {[%emt 0:00:55]} 21. Bc1 {[%emt 0:00:32]} Ne8 {[%emt 0:00:21]} 22. Ng3 {[%emt 0:00:05]} Bxg3 {[%emt 0:01:31]} 23. fxg3 {[%emt 0:01:57]} Ndf6 {[%emt 0:04:11]} 24. g5 {[%emt 0:00:15]} Ng4 {[%emt 0:03:49]} 25. Rf1 {[%emt 0:01:31]} f5 {[%emt 0:01:57]} 26. Rf4 {[%emt 0:07:01]} Nc7 {[%emt 0:00:29]} 27. Rhf1 {[%emt 0:01:05]} Raa8 {[%emt 0:05:31]} 28. Nb6 {[%emt 0:00:24]} Rad8 {[%emt 0:00:32]} 29. Bd2 {[%emt 0:01:13]} Qg6 {[%emt 0:04:31]} 30. Rg1 {[%emt 0:01:09]} h6 {[%emt 0:02:31]} 31. gxh6 {[%emt 0:00:16]} Qxh6 {[%emt 0:01:51]} 32. Kb2 {[%emt 0:01:12]} Nb5 {[%emt 0:02:17]} 33. Rgf1 {[%emt 0:01:48]} Qe6 {[%emt 0:00:26]} 34. Kc2 {[%emt 0:01:39]} g6 {[%emt 0:04:08]} 35. Na4 {[%emt 0:03:19]} Kg7 {[%emt 0:06:30]} 36. Nb2 {[%emt 0:01:00]} Rh8 {[%emt 0:01:10]} 37. Nd1 {[%emt 0:00:30]} Rdf8 {[%emt 0:01:12]} 38. Rg1 {[%emt 0:01:39]} g5 {[%emt 0:05:58]} 39. hxg5 {[%emt 0:00:42]} Rh2 {[%emt 0:01:20]} 40. Rg2 {[%emt 0:00:44]} Rh1 {[%emt 0:07:05]} 41. Be1 {[%emt 0:04:59]} Na3+ {[%emt 0:19:02]} 42. Kc1 {[%emt 0:10:24]} Ne5 {[%emt 0:02:36]} 43. Rf1 {[%emt 0:10:51]} Rxf1 {[%emt 0:08:04]} 44. Qxf1 {[%emt 0:00:02]} Nf3 {[%emt 0:00:29]} 45. Bd2 {[%emt 0:02:28]} Nb5 {[%emt 0:00:27]} 46. Qe2 {[%emt 0:01:11]} Rh8 {[%emt 0:00:00]} 47. Nf2 {[%emt 0:00:16]} Qg6 {[%emt 0:01:54]} 48. g4 {[%emt 0:02:41]} Qxg5 {[%emt 0:04:40]} 49. Nd3 {[%emt 0:01:33]} fxg4 {[%emt 0:02:42]} 50. Ne5 {[%emt 0:00:41]} Rh1+ {[%emt 0:00:25]} 0-1

[Event "47th Rilton Cup 2017"]
[Site "?"]
[Date "2018.01.02"]
[Round "6"]
[White "Salomon, Johan"]
[Black "Rasmussen, Allan Stig"]
[Result "1/2-1/2"]
[WhiteElo "2475"]
[BlackElo "2543"]
[Annotator "TA"]
[PlyCount "63"]
[EventDate "2018.??.??"]
[EventType "swiss"]
[EventCountry "SWE"]
[SourceTitle "Stockholm"]

{[%evp 17,63,30,55,23,23,15,18,13,33,-11,-8,-13,-12,-12,0,-3,0,0,0,-20,0,-6,0,-51,-29,-69,-45,-57,-39,-42,-29,-47,-25,-40,-6,-26,0,0,0,0,0,0,0,0,0,0,20,0]} 1. d4 f5 2. g3 Nf6 3. Bg2 g6 4. Nf3 Bg7 5. O-O O-O 6. c4 {[%cal Bc2c4,Bc4c5][%mdl 32]} d6 7. Nc3 c6 8. Rb1 a5 9. Qb3 {A88: Dutch Defence: Leningrad System: 5 Nf3 0-0 6 0-0 d6 7 Nc3 c6} (9. d5 e5 10. dxe6 Bxe6 11. b3 Qe7 12. Bf4 Rd8 13. Qd2 d5 14. cxd5 Nxd5 15. Nxd5 Bxd5 16. Bg5 Bf6 17. Bxf6 Qxf6 {0-1 (70) Sarana,A (2543)-Mamedyarov,S (2791) Sochi 2017}) 9... h6 {LiveBook: 8 Games} 10. c5+ Kh7 11. Na4 $146 {White has an edge.} ({Predecessor:} 11. Rd1 Na6 12. a3 dxc5 13. Be3 Ng4 14. dxc5 Qe8 15. Na4 e5 16. Rbc1 Nc7 {0-1 (34) Gacnik,L (2136)-Morokova,L (2376) ICCF email 2013}) 11... Nbd7 12. Nd2 Ra6 13. Qc2 Nd5 14. cxd6 exd6 15. e3 Nb4 16. Qb3 $1 Nf6 17. a3 Nbd5 18. Qc2 Qe7 19. Nc3 Be6 20. Nf3 (20. Nxd5 $11 Bxd5 21. b3) 20... Qf7 21. Ne1 Rc8 22. Nd3 c5 23. dxc5 dxc5 24. Bd2 Nxc3 25. Bxc3 Bb3 26. Qe2 a4 27. Rbc1 {The position is equal.} Bc4 28. Rfe1 Rc7 29. Qc2 Bb3 30. Qe2 Bc4 31. Qc2 Bb3 32. Qe2 {Precision: White = 57%, Black = 46%.} 1/2-1/2

[Event "47th Rilton Cup 2017"]
[Site "?"]
[Date "2018.01.02"]
[Round "6"]
[White "Usmanov, Vasily"]
[Black "Liang, Awonder"]
[Result "1/2-1/2"]
[WhiteElo "2467"]
[BlackElo "2573"]
[Annotator "TA"]
[PlyCount "118"]
[EventDate "2018.??.??"]
[EventType "swiss"]
[EventCountry "SWE"]
[SourceTitle "Stockholm"]

{[%evp 17,118,47,37,0,4,0,0,5,0,0,0,0,7,-22,-4,-41,0,0,24,18,55,32,31,16,32,33,54,32,33,31,44,16,29,0,0,0,0,0,0,0,66,0,0,0,252,254,245,235,226,227,251,251,238,232,210,0,0,0,0,0,0,0,0,0,0,0,0,0,0,0,0,0,0,0,0,0,0,0,0,0,0,0,0,0,0,0,0,0,0,0,0,0,0,0,0,0,0,0,0,0,0,0,0]} 1. d4 Nf6 2. c4 g6 3. Nf3 Bg7 4. g3 O-O 5. Bg2 d6 6. O-O Nc6 7. Nc3 e5 8. dxe5 Nxe5 9. Nxe5 dxe5 10. Qb3 {E62: King's Indian: Fianchetto: 6...c6 and Panno Variation (6...Nc6) without ...a6} (10. Qxd8 Rxd8 11. Bg5 Rd7 12. Na4 h6 13. Be3 Ng4 14. Bc1 c6 15. h3 Nf6 16. Be3 Rc7 17. b3 b6 18. Rad1 Be6 19. Rd3 {½-½ (35) Martinovic,S (2565)-Smirin,I (2635) Heraklio 2017}) 10... c6 11. Be3 Qc7 12. Rfd1 Re8 13. h3 $146 ({Predecessor:} 13. Bc5 Bf8 14. Bxf8 Rxf8 15. c5 Be6 16. Qb4 Rad8 17. Qa4 Qb8 18. Rxd8 Rxd8 {1-0 (46) David,S (1763)-Perrot,P (1712) Caen 2011}) 13... Be6 14. Rac1 Qe7 15. g4 Rec8 16. Qa4 Nd7 17. Ne4 Nb6 18. Qb3 Rd8 19. Bc5 Rxd1+ 20. Rxd1 Qc7 21. Qb4 Rd8 22. Bd6 Qc8 23. b3 f5 24. Ng5 e4 25. Nxe6 Qxe6 26. c5 Nd5 27. Qxb7 fxg4 28. hxg4 (28. Qxc6 Nc3 $17) 28... Nc3 (28... Nf4 $11 29. Qxc6 (29. Qc7 Rxd6 30. Rxd6 Qxg4 $11) 29... Nxg2 30. Kxg2 Qxg4+ 31. Kf1 Qh3+ 32. Kg1 Qg4+ 33. Kf1 Qh3+ 34. Kg1 Qg4+ 35. Kf1) 29. Rd2 ({Better is} 29. Re1 $14) 29... e3 $1 $11 {[%cal Re3d2]} 30. Be5 $1 $36 {[%csl Ge5][%cal Rb7g7][%mdl 2048] White fights for an advantage.} exf2+ $2 {[%mdl 8192] [#]} (30... Nxe2+ $1 $11 {and Black has nothing to worry.} 31. Kf1 (31. Kh1 Qxe5 32. Rxd8+ Bf8 $15) 31... Ng3+ 32. Kg1 exf2+ 33. Kh2 Qxe5 34. Rxd8+ Bf8) 31. Kf1 $1 $18 {[%csl Ge5][%cal Rb7g7]} ({Less strong is} 31. Kh1 Qxe5 32. Rxd8+ Bf8 $16) 31... Qxe5 32. Rxd8+ Bf8 {[%csl Gc3][%cal Re5e2]} 33. Qa6 {And now Qc4+ would win.} Kg7 34. Rd7+ (34. Bxc6 {leads to mate.} Qh2 35. Qb7+ Kh6 36. g5+ Kxg5 37. Rd5+ Nxd5 38. e4 Qg1+ 39. Ke2 f1=Q+ 40. Kd2 Qh2#) 34... Kh6 35. Qd3 Bxc5 {[#] ...Nd5! is the strong threat.} 36. Qd2+ $2 (36. Bxc6 $18 {Threatens to win with g5+!} Be3 37. Bg2) 36... Be3 $11 {The position is equal.} 37. Qd6 $1 {[%cal Rd6e5]} Qxd6 38. Rxd6 {[%mdl 4096] Endgame Strongly threatening Rd3. KRB-KBN} Nb1 39. Bxc6 Kg5 40. Bd7 Nd2+ 41. Rxd2 $1 Bxd2 42. Kxf2 {KB-KB} Kf4 43. Bc8 a5 44. Bd7 h5 45. gxh5 gxh5 46. Be8 h4 47. Bd7 Be3+ 48. Ke1 Ke4 49. Kd1 Bc5 50. Ke1 Ke3 51. Kf1 Be7 52. Bf5 Bf6 53. Bg4 Be7 54. Kg2 Bd6 55. Kh3 Be7 56. Bf3 Bd8 57. Kg4 Be7 58. Kf5 h3 59. Ke6 Bb4 {Precision: White = 72%, Black = 73%.} 1/2-1/2

[Event "47th Rilton Cup 2017"]
[Site "?"]
[Date "2018.01.02"]
[Round "6"]
[White "Haria, Ravi"]
[Black "Volkov, Sergey"]
[Result "1-0"]
[WhiteElo "2374"]
[BlackElo "2645"]
[Annotator "TA"]
[PlyCount "107"]
[EventDate "2018.??.??"]
[EventType "swiss"]
[EventCountry "SWE"]
[SourceTitle "Stockholm"]

{[%evp 19,107,0,27,37,26,35,37,18,59,59,95,27,61,64,65,65,65,64,56,56,63,29,102,8,8,8,10,7,7,8,5,4,12,5,95,99,92,85,87,89,217,217,217,217,217,217,217,217,209,208,315,308,336,311,295,333,331,335,341,347,333,325,371,331,379,366,347,358,386,381,511,520,544,583,622,605,1101,993,1092,1108,1668,1542,4882,3007,1880,2287,29982,29983,29992,29993]} 1. Nf3 d5 2. g3 Nf6 3. Bg2 c6 4. c4 dxc4 5. O-O Nbd7 6. Na3 {A11: English Opening: 1...c6} Nb6 7. Ne5 Be6 8. Qc2 Qd4 9. Nxc6 bxc6 10. Bxc6+ Kd8 {LiveBook: 11 Games} 11. Nb5 Qc5 12. Bxa8 Qxb5 13. Bg2 {[#]} Bf5 $146 ({Predecessor:} 13... Bd7 14. b3 e5 15. Rb1 cxb3 16. Rxb3 Qxe2 {½-½ (48) Aronian,L (2830)-Andreikin,D (2709) Khanty-Mansiysk 2014}) 14. e4 Bd7 15. Rd1 (15. a4 $1 $16 {[%cal Ra4b5]} Nxa4 16. e5 $1 {[%mdl 512]}) 15... Qa4 16. Qxa4 Bxa4 {[#]} 17. b3 $1 {[%cal Rb3a4][%mdl 512]} cxb3 18. axb3 Bxb3 19. Re1 Ba4 20. d4 {[%mdl 1024] White has compensation.} e6 (20... e5 $1 $11) 21. Bf4 ({White should try} 21. Bd2 $16) 21... Bb4 $11 22. Reb1 a5 $1 23. Bd2 Bxd2 24. Rxb6 {Hoping for Rb8+.} Bd7 {White must now prevent ...Ke7.} 25. Rb8+ Bc8 {Threatens to win with ...Kc7.} 26. Ra2 $36 {[%mdl 2048] White has the initiative.} Kc7 {[#]} (26... Nd7 $11 27. Rxc8+ Kxc8 28. Rxd2 Nb6) 27. Rb5 $1 $16 Bb4 {...Bb7 is the strong threat.} 28. Rc2+ Kd7 {aiming for ...Ba6.} 29. e5 Nd5 (29... Ne8 $16 {keeps fighting.}) 30. Rxd5+ $1 $18 exd5 31. Bh3+ Ke7 32. Rc7+ Bd7 33. Rxd7+ {[%mdl 4096] Endgame KRB-KRB} Ke8 34. Rxd5 {And now Rb5 would win.} g6 (34... g5 $142 35. Rd7 h5) 35. Rd7 Kf8 36. Bf1 Kg7 37. Bc4 Rf8 38. f4 a4 39. Kf2 a3 40. Ke3 h5 41. Rb7 Bc3 42. Ra7 Bb4 43. Kd3 h4 44. gxh4 Kh6 45. Bxf7 Rd8 46. Kc4 Bf8 47. Ra6 Kg7 48. Bxg6 Rc8+ 49. Kd3 Rc1 50. f5 {[%cal Bf4f5,Bf5f6][%mdl 32]} Rd1+ 51. Ke4 Re1+ 52. Kd5 Rb1 53. Ra7+ Kh8 54. f6 {Precision: White = 77%, Black = 24%.} 1-0

[Event "47th Rilton Cup 2017"]
[Site "?"]
[Date "2018.01.02"]
[Round "6"]
[White "Haug, Johannes"]
[Black "Ivanov, Sergey"]
[Result "1/2-1/2"]
[WhiteElo "2359"]
[BlackElo "2540"]
[Annotator "TA"]
[PlyCount "101"]
[EventDate "2018.??.??"]
[EventType "swiss"]
[EventCountry "SWE"]
[SourceTitle "Stockholm"]

{[%evp 17,101,9,31,0,31,19,37,42,46,54,31,43,16,52,57,14,33,6,59,51,57,46,48,44,100,80,98,108,133,154,241,204,265,261,365,358,434,427,426,431,414,420,428,375,393,392,366,334,309,291,336,347,377,364,347,347,348,325,454,435,432,418,459,455,969,964,879,747,740,740,733,678,841,802,825,647,625,619,818,783,737,734,560,15,28,0]} 1. d4 Nf6 2. c4 e6 3. Nf3 b6 4. g3 Ba6 5. Nbd2 c5 6. e4 cxd4 {E15: Queen's Indian: 4 g3 sidelines, 4 g3 Ba6 and 4 g3 Bb7 early deviations} 7. e5 Ng4 {[%cal Bf6g4,Bg4h6,Bh6f5][%mdl 32]} 8. h3 Nh6 9. Bg2 Nc6 {LiveBook: 38 Games} 10. a3 {[%mdl 1024] White has compensation.} Nf5 11. O-O Be7 12. b4 {aiming for b5.} Bb7 $1 13. g4 Nh4 14. Nxh4 Bxh4 15. Ne4 {[#] Hoping for Nd6+.} Be7 $1 16. Bf4 (16. Bg5 $5 f6 17. exf6 gxf6 18. Bf4 $11) 16... O-O 17. g5 Kh8 (17... Qc7 $11) 18. Qh5 $14 {[#]} Rg8 $146 19. Rad1 Qe8 20. Qh4 Rc8 (20... Bf8 $14) 21. Rd3 a5 22. b5 Nd8 23. Rxd4 Bxa3 (23... Rc7 $16 {was worth a try.} 24. Be3 f6) 24. Be3 $40 {[%mdl 128] [#] White threatens g6! and mate. Black is in trouble.} Bxe4 25. Bxe4 {[%csl Ge4][%cal Rh4h7]} (25. Rxe4 $6 Be7 $18) 25... g6 26. Rfd1 Bc5 27. Rxd7 Bxe3 28. fxe3 Qf8 29. Qf4 Qg7 30. Qf6 Qxf6 31. gxf6 h5 32. Bf3 Kh7 33. R1d6 Kh6 34. Rxb6 Kg5 35. Ra6 Rxc4 36. Ra8 ({Much less strong is} 36. Rxa5 Rc5 $18) 36... Rb4 37. Be2 ({Weaker is} 37. Raxd8 Rxd8 38. Rxd8 Rxb5 $16) ({Don't take} 37. Rxa5 Kf5 $18) 37... a4 38. Rdxd8 Rxd8 39. Rxd8 {[%mdl 4096] Endgame KRB-KR} a3 {Strongly threatening ...a2.} 40. Ra8 Rb2 (40... Kf5 $142 41. Rxa3 Kxe5) 41. Bc4 Kf5 42. Rxa3 Rb4 43. Bf1 Kxe5 44. Ra8 Kxf6 45. Rb8 Kg5 46. Kf2 Rb2+ 47. Be2 Kh4 48. b6 {[%cal Bb5b6,Bb6b7][%mdl 32]} Kxh3 49. b7 h4 50. e4 $2 ({Only move:} 50. Kf3 $18) 50... e5 $1 $11 51. Kf3 {Precision: White = 75%, Black = 47%.} 1/2-1/2

[Event "47th Rilton Cup 2017"]
[Site "?"]
[Date "2018.01.02"]
[Round "6"]
[White "Sarkar, Justin"]
[Black "Santos Ruiz, Miguel"]
[Result "0-1"]
[WhiteElo "2339"]
[BlackElo "2509"]
[Annotator "TA"]
[PlyCount "102"]
[EventDate "2018.??.??"]
[EventType "swiss"]
[EventCountry "SWE"]
[SourceTitle "Stockholm"]

{[%evp 14,102,10,7,15,29,46,16,21,17,20,15,23,12,13,0,0,0,-6,-18,-22,-32,-18,-35,-18,-30,-36,-36,-36,-47,-39,-39,-25,-25,-33,-48,0,-67,-35,-29,-25,-58,-58,-92,-77,-62,-58,-58,-58,-58,-58,-80,-58,-58,-58,-58,-58,-50,-36,-193,-189,-189,-189,-474,-660,-559,-461,-832,-660,-606,-344,-607,-607,-756,-969,-945,-864,-894,-789,-702,-450,-914,-883,-769,-603,-931,-730,-950,-900,-856,-750]} 1. d4 f5 2. c4 Nf6 3. Nc3 e6 4. Nf3 Bb4 5. Bd2 b6 6. g3 Bb7 7. Bg2 O-O 8. O-O Nc6 {A84: Dutch Defence: 2 c4 Miscellaneous} (8... Qe7 9. Rc1 d6 10. d5 e5 11. Ng5 Nbd7 12. a3 Bxc3 13. Rxc3 Nc5 14. Qc2 h6 15. b4 hxg5 16. bxc5 {1-0 (39) Riazantsev,A (2666)-Predke,A (2601) Cheliabinsk 2017}) 9. Ne5 $146 ({Predecessor:} 9. e3 Ne7 10. a3 Bxc3 11. Bxc3 Ne4 12. Rc1 Nxc3 13. Rxc3 Rf6 {½-½ (40) Junge,W (1875)-Poecheim,S (1716) Berlin 2016}) 9... Qe7 10. a3 Bxc3 {The position is equal.} 11. Bxc3 Ne4 12. Nxc6 Bxc6 13. d5 Bb7 14. Qd4 Rae8 15. Bxe4 fxe4 16. d6 cxd6 17. Bb4 Rf5 18. Bxd6 Qg5 19. Kg2 Qg4 {aiming for ...e3+.} 20. Qe3 $1 Rh5 {[#]} 21. h4 $1 {[%mdl 512]} Rxh4 {( -> ...Qh3+)} 22. Rh1 Rxh1 23. Rxh1 e5 24. b4 Re6 25. c5 (25. Bb8 $1 $11) 25... b5 26. Rh4 Qf5 27. g4 Rg6 $1 28. Qb3+ Kh8 29. Kf1 Rxg4 30. Rxg4 Qxg4 31. Qf7 {[%cal Rf7f8]} h6 32. e3 Qd1+ 33. Kg2 Qf3+ 34. Qxf3 exf3+ $15 {[%mdl 4096] Endgame KB-KB} 35. Kg3 g5 {White must now prevent ...Kh7.} 36. Bxe5+ $2 ({White should try} 36. Kg4 $1 $15) 36... Kh7 $19 37. Bb8 {[#]} a6 $1 38. e4 $2 (38. Kg4 {is a better defense.}) 38... Bxe4 39. Bd6 Kg6 40. Bf8 (40. Bc7 $142 h5 41. Be5) 40... h5 {[%cal Bh6h5,Bh5h4][%mdl 32]} 41. Be7 Kf5 42. Bd8 $2 (42. Kh2) 42... h4+ {Black is clearly winning.} 43. Kh3 Bd3 44. Be7 Bf1+ 45. Kh2 Kg4 46. Bf6 Bd3 47. Bd8 (47. Be5 $142 Kh5 48. Bc7) 47... Kh5 48. Kg1 g4 49. Bc7 Bf5 50. Be5 g3 51. fxg3 h3 {Precision: White = 27%, Black = 69%.} 0-1

[Event "47th Rilton Cup 2017"]
[Site "?"]
[Date "2018.01.02"]
[Round "6"]
[White "Golikov, Daniil"]
[Black "Tari, Aryan"]
[Result "0-1"]
[WhiteElo "2220"]
[BlackElo "2593"]
[PlyCount "120"]
[EventDate "2018.??.??"]
[EventType "swiss"]
[EventCountry "SWE"]
[SourceTitle "Stockholm"]
[TimeControl "40/5400+30:1800+30"]
[WhiteClock "0:23:15"]
[BlackClock "0:11:49"]

1. c4 {[%emt 0:00:00]} g6 {[%emt 0:01:05]} 2. Nc3 {[%emt 0:00:00]} c5 {[%emt 0:00:18]} 3. g3 {[%emt 0:00:08]} Bg7 {[%emt 0:00:09]} 4. Bg2 {[%emt 0:00:05]} Nc6 {[%emt 0:00:09]} 5. d3 {[%emt 0:00:15]} e6 {[%emt 0:02:11]} 6. e4 {[%emt 0:00:13]} Nge7 {[%emt 0:01:00]} 7. Nge2 {[%emt 0:00:15]} O-O {[%emt 0:01:03]} 8. O-O {[%emt 0:00:20]} d6 {[%emt 0:02:40]} 9. Be3 {[%emt 0:03:03]} Nd4 {[%emt 0:01:47]} 10. Rb1 {[%emt 0:03:09]} Nec6 {[%emt 0:02:44]} 11. a3 {[%emt 0:02:20]} a5 {[%emt 0:16:22]} 12. a4 {[%emt 0:03:16]} Bd7 {[%emt 0:05:21]} 13. Nb5 {[%emt 0:05:29]} Qe7 {[%emt 0:05:52]} 14. b3 {[%emt 0:11:20]} Nxe2+ {[%emt 0:05:59]} 15. Qxe2 {[%emt 0:00:16]} Nb4 {[%emt 0:00:20]} 16. Qd2 {[%emt 0:12:31]} Bxb5 {[%emt 0:07:05]} 17. cxb5 {[%emt 0:08:57]} d5 {[%emt 0:02:58]} 18. exd5 {[%emt 0:02:29]} exd5 {[%emt 0:01:13]} 19. d4 {[%emt 0:10:42]} cxd4 {[%emt 0:03:52]} 20. Bxd4 {[%emt 0:00:04]} Bxd4 {[%emt 0:03:28]} 21. Qxd4 {[%emt 0:00:01]} Qd6 {[%emt 0:00:13]} 22. Rbd1 {[%emt 0:02:38]} Rfd8 {[%emt 0:01:05]} 23. Rd2 {[%emt 0:07:14]} Rac8 {[%emt 0:01:14]} 24. Rfd1 {[%emt 0:00:10]} Rc5 {[%emt 0:03:07]} 25. h4 {[%emt 0:01:09]} h5 {[%emt 0:01:20]} 26. Bf3 {[%emt 0:01:24]} b6 {[%emt 0:00:30]} 27. Re2 {[%emt 0:04:22]} Nc2 {[%emt 0:02:32]} 28. Qb2 {[%emt 0:03:09]} Rdc8 {[%emt 0:00:29]} 29. Qe5 {[%emt 0:06:40]} Qxe5 {[%emt 0:01:50]} 30. Rxe5 {[%emt 0:00:01]} Nb4 {[%emt 0:00:16]} 31. Kg2 {[%emt 0:02:15]} Kf8 {[%emt 0:02:56]} 32. Rd4 {[%emt 0:01:39]} Re8 {[%emt 0:01:31]} 33. Rg5 {[%emt 0:00:55]} Nc2 {[%emt 0:02:25]} 34. Rf4 {[%emt 0:01:13]} Ne1+ {[%emt 0:00:05]} 35. Kh3 {[%emt 0:00:27]} Nd3 {[%emt 0:00:24]} 36. Rd4 {[%emt 0:06:26]} Ne5 {[%emt 0:01:18]} 37. Bxd5 {[%emt 0:01:25]} f6 {[%emt 0:00:14]} 38. Rf4 {[%emt 0:01:13]} Kg7 {[%emt 0:01:46]} 39. Rxe5 {[%emt 0:00:31]} Rxe5 {[%emt 0:00:09]} 40. Bc4 {[%emt 0:00:06]} Rf5 {[%emt 0:02:34]} 41. Rd4 {[%emt 0:31:56]} Rxf2 {[%emt 0:31:58]} 42. Rd7+ {[%emt 0:00:00]} Kh6 {[%emt 0:00:00]} 43. g4 {[%emt 0:00:00]} Rf3+ {[%emt 0:00:00]} 44. Kg2 {[%emt 0:00:00]} hxg4 {[%emt 0:00:00]} 45. Rb7 {[%emt 0:00:00]} Rcf5 {[%emt 0:00:00]} 46. Rxb6 {[%emt 0:00:00]} Rf2+ {[%emt 0:00:00]} 47. Kg1 {[%emt 0:00:00]} Rb2 {[%emt 0:00:00]} 48. Re6 {[%emt 0:00:00]} Rff2 {[%emt 0:00:00]} 49. b6 {[%emt 0:00:00]} Rg2+ {[%emt 0:00:00]} 50. Kh1 {[%emt 0:00:00]} Rgc2 {[%emt 0:00:00]} 51. Re1 {[%emt 0:00:00]} Rc3 {[%emt 0:00:00]} 52. b7 {[%emt 0:00:00]} Rcxb3 {[%emt 0:00:00]} 53. Bxb3 {[%emt 0:00:00]} Rxb3 {[%emt 0:00:00]} 54. Re7 {[%emt 0:00:00]} Rb2 {[%emt 0:00:00]} 55. Rf7 {[%emt 0:00:00]} f5 {[%emt 0:00:00]} 56. Rc7 {[%emt 0:00:00]} g3 {[%emt 0:00:00]} 57. Rc5 {[%emt 0:00:00]} Rxb7 {[%emt 0:00:00]} 58. Kg2 {[%emt 0:00:00]} Kh5 {[%emt 0:02:52]} 59. Kxg3 {[%emt 0:00:00]} Rb3+ {[%emt 0:00:04]} 60. Kf2 {[%emt 0:00:00]} Kxh4 {[%emt 0:00:17]} 0-1

[Event "47th Rilton Cup 2017"]
[Site "?"]
[Date "2018.01.02"]
[Round "6"]
[White "Fedorov, Maksim"]
[Black "Sokolov, Ivan"]
[Result "1/2-1/2"]
[WhiteElo "1232"]
[BlackElo "2589"]
[PlyCount "80"]
[EventDate "2018.??.??"]
[EventType "swiss"]
[EventCountry "SWE"]
[SourceTitle "Stockholm"]
[TimeControl "40/5400+30:1800+30"]
[WhiteClock "0:08:56"]
[BlackClock "0:01:40"]

1. d4 {[%emt 0:00:00]} Nf6 {[%emt 0:09:41]} 2. c4 {[%emt 0:00:00]} e6 {[%emt 0:00:05]} 3. Nf3 {[%emt 0:00:06]} b6 {[%emt 0:00:22]} 4. g3 {[%emt 0:00:34]} Bb4+ {[%emt 0:00:20]} 5. Nbd2 {[%emt 0:03:36]} O-O {[%emt 0:02:34]} 6. Bg2 {[%emt 0:00:45]} d5 {[%emt 0:00:04]} 7. O-O {[%emt 0:03:21]} Bb7 {[%emt 0:00:03]} 8. cxd5 {[%emt 0:11:19]} exd5 {[%emt 0:00:06]} 9. a3 {[%emt 0:00:13]} Bd6 {[%emt 0:01:45]} 10. b4 {[%emt 0:01:57]} Re8 {[%emt 0:12:13]} 11. Bb2 {[%emt 0:03:10]} a5 {[%emt 0:03:11]} 12. bxa5 {[%emt 0:06:01]} Rxa5 {[%emt 0:02:34]} 13. Ne5 {[%emt 0:08:50]} Ra7 {[%emt 0:04:48]} 14. e3 {[%emt 0:14:11]} Nbd7 {[%emt 0:01:06]} 15. f4 {[%emt 0:02:50]} Qe7 {[%emt 0:00:59]} 16. g4 {[%emt 0:05:28]} Rea8 {[%emt 0:06:09]} 17. g5 {[%emt 0:01:56]} Ne4 {[%emt 0:02:28]} 18. Nxe4 {[%emt 0:02:28]} dxe4 {[%emt 0:02:38]} 19. Nc4 {[%emt 0:09:10]} b5 {[%emt 0:07:02]} 20. Nxd6 {[%emt 0:01:06]} Qxd6 {[%emt 0:00:04]} 21. Qc2 {[%emt 0:04:47]} Qc6 {[%emt 0:03:29]} 22. Rac1 {[%emt 0:03:11]} Qxc2 {[%emt 0:00:29]} 23. Rxc2 {[%emt 0:00:03]} Bd5 {[%emt 0:00:15]} 24. Rfc1 {[%emt 0:00:24]} c6 {[%emt 0:04:17]} 25. Rxc6 {[%emt 0:00:32]} Bxc6 {[%emt 0:00:01]} 26. Rxc6 {[%emt 0:00:07]} f5 {[%emt 0:00:02]} 27. gxf6 {[%emt 0:02:21]} Nxf6 {[%emt 0:00:03]} 28. Bh3 {[%emt 0:04:16]} Kf8 {[%emt 0:02:59]} 29. Rc5 {[%emt 0:04:10]} Rxa3 {[%emt 0:09:05]} 30. Bxa3 {[%emt 0:01:48]} Rxa3 {[%emt 0:01:49]} 31. Rxb5 {[%emt 0:00:52]} Rxe3 {[%emt 0:00:02]} 32. Be6 {[%emt 0:01:14]} Rd3 {[%emt 0:03:02]} 33. d5 {[%emt 0:01:25]} g6 {[%emt 0:06:47]} 34. Rb7 {[%emt 0:02:29]} Nxd5 {[%emt 0:04:27]} 35. Rf7+ {[%emt 0:00:11]} Ke8 {[%emt 0:00:07]} 36. Bxd5 {[%emt 0:00:07]} Rxd5 {[%emt 0:00:07]} 37. Rxh7 {[%emt 0:00:04]} Rf5 {[%emt 0:01:01]} 38. Rh4 {[%emt 0:02:07]} Kf7 {[%emt 0:03:55]} 39. Rg4 {[%emt 0:00:27]} Kf6 {[%emt 0:00:25]} 40. Kf2 {[%emt 0:00:44]} g5 1/2-1/2

[Event "47th Rilton Cup 2017"]
[Site "?"]
[Date "2018.01.03"]
[Round "7"]
[White "Krasenkow, Michal"]
[Black "Piorun, Kacper"]
[Result "1/2-1/2"]
[WhiteElo "2671"]
[BlackElo "2656"]
[Annotator "TA"]
[PlyCount "63"]
[EventDate "2018.??.??"]
[EventType "swiss"]
[EventCountry "SWE"]
[SourceTitle "Stockholm"]

{[%evp 23,63,-19,-19,-23,-19,-38,-4,-51,-50,-85,-86,-86,-69,-87,-69,-79,-60,-59,-58,-57,-65,-56,-59,-62,-39,-41,-37,-39,-39,-45,0,0,0,0,0,0,0,0,0,0,0,0]} 1. d4 Nf6 2. c4 e6 3. Nc3 Bb4 4. e3 O-O 5. Bd3 c5 6. Nf3 d5 7. O-O cxd4 8. exd4 dxc4 9. Bxc4 b6 10. a3 Bxc3 11. bxc3 Qc7 {E54: Nimzoindisch (Moderne Variante)} 12. Qd3 Bb7 {LiveBook: 6 Partien} 13. Nd2 $146 ({Vorgänger:} 13. Ne5 Nc6 14. f4 Na5 15. Ba2 Be4 16. Qg3 Bd5 17. Bb2 Ne4 18. Qd3 Bxa2 19. Qxe4 {0-1 (44) Blasco Coll,A (2236)-Gormally,D (2477) London 2017}) 13... Nc6 {Schwarz hat minimalen Vorteil.} 14. Bb2 Rfd8 15. f4 Rac8 16. Ba2 Ne7 17. Rae1 Ned5 18. Bxd5 exd5 19. Re5 Re8 20. Rfe1 Qd7 (20... h6 {is interesting.} 21. Qb5 Bc6 22. Qe2 Qd7 23. h3 Ba4) 21. h3 Ne4 22. Nxe4 dxe4 23. Qe2 Bd5 24. Qg4 Red8 25. Qxd7 Rxd7 26. c4 Bb7 {[#] Und weiter mit ...f6 wäre nett.} (26... Bxc4 {is more complex.} 27. R1xe4 f6 28. Re7 Rdc7 29. Re3 Rxe7 30. Rxe7 Bd5) 27. d5 {Die Stellung ist ausgeglichen.} f5 28. Rc1 Ba6 29. Rxf5 Rxc4 30. Re5 Rxc1+ 31. Bxc1 Bb7 32. Rxe4 {Precision: Weiß = 74%, Schwarz = 72%.} 1/2-1/2